Piłkarze województwa lubuskiego - nagła śmierć - Statystyki

Ogólne statystyki
  • Ten quiz został rozwiązany 13 razy
  • Średni wynik to 3 z 10
Answers on the Grid
Answers color-coded by a green-red scale on the quiz's grid according to % correct below.
Łukasz Fabiański
Kamil Grosicki
Michał Gurgul
Dominik Hładun
Kamil Jóźwiak
Jakub Kamiński
Marcin Kamiński
Tomasz Kędziora
Dawid Kownacki
Grzegorz Krychowiak
Kamil Kruk
Mateusz Lis
Kornel Lisman
Konrad Michalak
Jakub Moder
Tymoteusz Puchacz
Michał Skóraś
Wojciech Szczęsny
Kryspin Szczęśniak
Sebastian Walukiewicz
 
Statystyki odpowiedzi
Odpowiedź % Poprawnych
Łukasz Fabiański
80%
Kamil Jóźwiak
50%
Tymoteusz Puchacz
50%
Tomasz Kędziora
40%
Dawid Kownacki
30%
Sebastian Walukiewicz
20%
Konrad Michalak
10%
Kryspin Szczęśniak
10%
Mateusz Lis
10%
Kamil Kruk
0%
Nie znaleziono quizów pasujących do podanych kryteriów
Rozkład punktacji
Procent ludzi z każdym wynikiem
Percentyl według liczby udzielonych odpowiedzi
Twoja historia wyników
Nie rozwiązałeś tego quizu